Islands by Capital - Statistics

General Stats
  • This quiz has been taken 79 times
  • The average score is 14 of 20
Answer Stats
Capital Island % Correct
Dublin Ireland
97%
Kingston Jamaica
92%
Havana Cuba
91%
Nicosia Cyprus
89%
Reykjavik Iceland
89%
Antananarivo Madagascar
86%
Nuuk Greenland
78%
Heraklion Crete
77%
Tokyo Honshu
73%
Manama Bahrain
72%
Wellington North Island
72%
Hobart Tasmania
70%
San Juan Puerto Rico
69%
Cagliari Sardinia
69%
Manila Luzon
59%
Denpasar Bali
53%
Papeete Tahiti
42%
Nunavut Baffin Island
39%
Medan Sumatra
38%
Nouméa New Caledonia
34%
No matching quizzes found
Score Distribution
Percent of People with Each Score
Percentile by Number Answered
Your Score History
You have not taken this quiz